00233nam a2200097Ia 4500008004100000041000800041082001200049100002500061245004000086260000900126240625s9999 xx 000 0 und d aeng a657 SHA aSHANKARANARAYANA H V aFINANCIAL ACCOUNTING FOR MANAGEMENT c2014